HELLFEST 2024 LINE-UP - Statistiques

Statistiques générales
  • Ce quiz a été pris 40 fois
  • Le résultat moyen est 14 sur 177
Statistiques - réponses
ARTISTES % Correct
METALLICA
75%
FOO FIGHTERS
44%
QUEENS OF THE STONE AGE
41%
MACHINE HEAD
38%
SHAKA PONK
31%
COREY TAYLOR
28%
DROPKICK MURPHYS
28%
MASS HYSTERIA
28%
MEGADETH
28%
SLAUGHTER TO PREVAIL
28%
THE OFFSPRING
28%
AVENGED SEVENFOLD
25%
BAD OMENS
25%
BABY METAL
22%
THE PRODIGY
22%
ACCEPT
19%
BRUCE DICKINSON
19%
ROYAL BLOOD
19%
SAXON
19%
WHILE SHE SLEEPS
19%
BRUTUS
16%
CRADLE OF FILTH
16%
DIMMU BORGIR
16%
ETERNAL CHAMPION
16%
FUMANCHU
16%
GREEN LUNG
16%
ICE NINE KILLS
16%
SUICIDAL TENDENCIES
16%
ALIEN WEAPONRY
13%
ALL THEM WITCHES
13%
AMORPHIS
13%
ASINHELL
13%
BAD SITUATION
13%
BLEED FROM WITHIN
13%
BODY COUNT
13%
EMPEROR
13%
EXTREME
13%
SAVAGE LANDS
13%
SIMPLE PLAN
13%
SODOM
13%
STRATOVARIUS
13%
SUMERLANDS
13%
THROWN
13%
TOM MORELLO
13%
1000MODS
9%
8.6 CREW
9%
ANAAL NATHRAKH
9%
ANKOR
9%
BLACK STONE CHERRY
9%
COCK SPARRER
9%
DIDIER WAMPAS PSYCHO ATTACKS
9%
DISMEMBER
9%
EIVOR
9%
ENTER SHIKARI
9%
FEAR FACTORY
9%
FRANK CARTER AND THE RATTLESNAKES
9%
GRAVEYARD
9%
HIGH ON FIRE
9%
KLONE
9%
KORPIKLAANI
9%
KVELERTAK
9%
LOFOFORA
9%
MAMMOTH WVH
9%
MORK
9%
MORNE
9%
NECK DEEP
9%
NOVA TWINS
9%
ORDEN OGAN
9%
RHAPSODY OF FIRE
9%
RIVAL SONS
9%
SAINT AGNES
9%
STEEL PANTHER
9%
WARGASM
9%
YOTH IRIA
9%
BATUSHKA
6%
BIOHAZARD
6%
CHELSEA WOLFE
6%
CROSSES
6%
DRUG CHURCH
6%
EREB ALTOR
6%
FALLEN LILLIES
6%
HOULE
6%
JULIE CHRISTMAS
6%
KANONENFIEBER
6%
KARNIVOOL
6%
LOVEBITES
6%
MR BUNGLE
6%
PAIN OF SALVATION
6%
SCOWL
6%
SHADOW OF INTENT
6%
THE INTERRUPTERS
6%
THERAPY?
6%
WAYFARER
6%
311
3%
BRAND OF SACRIFICE
3%
BRUJERIA
3%
CALIBAN
3%
CITY MORGUE
3%
CLAWFINGER
3%
DARKEN
3%
DARK TRANQUILLITY
3%
EIHWAR
3%
GEL
3%
GGGOLDDD
3%
GOZU
3%
HARMS WAY
3%
HIGH VIS
3%
IMMOLATION
3%
IMPERIAL CRYSTALLINE ENTOMBMENT
3%
KARMA ZERO
3%
KHEMMIS
3%
KOMODRAG & THE MOUNODOR
3%
NILE
3%
OXBOW
3%
SATYRICON
3%
SHINING
3%
SPEED
3%
THE ACACIA STRAIN
3%
THE CASUALTIES
3%
THE DEAD KRAZUKIES
3%
WITCH
3%
YNGWIE MALMSTEEN
3%
BLACK RAINBOWS
0%
BLOCKHEADS
0%
CORROSION OF CONFORMITY
0%
CORVUS CORAX
0%
COSMIC PSYCHOS
0%
CRYSTAL LAKE
0%
CRYSTAL VIPER
0%
DEFICIENCY
0%
DESTINITY
0%
(DOLCH)
0%
DOOL
0%
DROPOUT KINGS
0%
EIGHT SINS
0%
EINAR SOLBERG
0%
HERIOT
0%
HOT MILK
0%
HRAFNGRIMR
0%
I AM MORBID
0%
KATAKLYSM
0%
KONVENT
0%
KRONOS
0%
LEGION OF THE DAMNED
0%
MADBALL
0%
NAKKEKNAEKKER
0%
NEBULA
0%
NEKROMANTIX
0%
NE OBLIVISCARIS
0%
PENCEY SLOE
0%
PENSEES NOCTURNES
0%
RED SUN ATACAMA
0%
RENDEZ-VOUS
0%
SANG FROID
0%
SANGUISUGABOGG
0%
SHORES OF NULL
0%
SHOW ME THE BODY
0%
SKAMOLD
0%
SKYCLAD
0%
SMASH HIT COMBO
0%
SOLITARIS
0%
SORCERER
0%
SPOTLIGHTS
0%
STINKY
0%
SUFFOCATION
0%
TEXTURES
0%
THE BLACK DAHLIA MURDER
0%
THE DEAD DAISIES
0%
THE DEVIL'S TRADE
0%
THE HAUNTED
0%
THURSDAY
0%
TIAMAT
0%
TOTAL CHAOS
0%
TRYGLAV
0%
UUHAI
0%
WIEGEDOOD
0%
WORMROT
0%
Aucun quiz correspondant
Distribution des résultats
% des personnes avec chaque résultat
Percentile par nombre de réponses
Votre historique - résultats
Vous n’avez pas pris ce quiz